000 00395nam a2200145Ia 4500
008 240729s9999 xx 000 0 und d
022 _a1596-0757
245 0 _aRecent Advances in Natural Sciences
260 _aNigeria
260 _bFLAYOO PUBLISHING HOUSE LIMITED
650 _aScience
856 _uhttps://doaj.org/toc/060c9ebac2c44b5d94900eca57aa58fd
942 _2ddc
942 _cDOAJEJ
999 _c67934
_d67934
945 _a1
_bMadushi Gamage
_c1
_dMadushi Gamage